MLB Top MVP, Cy Young, and ROY 2025 - Statistics

General Stats
  • This quiz has been taken 218 times
  • The average score is 32 of 40
Answer Stats
# Player Team Pos. % Correct
1 Aaron Judge NYY RF
99%
5 Tarik Skubal DET P
98%
1 Tarik Skubal DET P
98%
4 Bobby Witt Jr. KCR SS
97%
2 Cal Raleigh SEA C
97%
3 José Ramírez CLE 3B
97%
1 Shohei Ohtani LAD DH
97%
6 Julio Rodríguez SEA CF
96%
6 Paul Skenes PIT P
95%
1 Paul Skenes PIT P
95%
2 Kyle Schwarber PHI DH
94%
10 Francisco Lindor NYM SS
93%
3 Juan Soto NYM RF
93%
5 Trea Turner PHI SS
92%
9 Pete Crow-Armstrong CHC CF
91%
8 Garrett Crochet BOS P
90%
2 Garrett Crochet BOS P
90%
8 Fernando Tatis Jr. SDP RF
88%
6 Corbin Carroll ARI RF
86%
3 Yoshinobu Yamamoto LAD P
85%
7 George Springer TOR DH
83%
1 Nick Kurtz ATH 1B
83%
5 Bryan Woo SEA P
82%
4 Max Fried NYY P
82%
10 Jeremy Peña HOU SS
81%
2 Cristopher Sánchez PHI P
79%
4 Geraldo Perdomo ARI SS
79%
2 Jacob Wilson ATH SS
79%
5 Freddy Peralta MIL P
78%
9 Junior Caminero TBR 3B
77%
4 Logan Webb SFG P
77%
3 Hunter Brown HOU P
76%
3 Roman Anthony BOS RF
73%
1 Drake Baldwin ATL C
72%
2 Cade Horton CHC P
52%
5 Colson Montgomery CHW SS
51%
3 Caleb Durbin MIL 3B
46%
4 Isaac Collins MIL LF
29%
4 Noah Cameron KCR P
23%
5 Daylen Lile WSN RF
6%
No matching quizzes found
Score Distribution
Percent of People with Each Score
Percentile by Number Answered
Your Score History
You have not taken this quiz